000 00362nam a22001337a 4500
020 _a9780750659246
040 _cNUST
082 _a620.11223 ZAK
100 _aZaki Ahmad
_961436
245 _aPrinciples of Corrosion Engineering and Corrosion Control
260 _aUSA;
_bElsevier,
_c2006.
650 _aCorrosion and Anti-Corrosives
_940953
942 _2ddc
_cBK
999 _c594705
_d594705